000
00300 a2200121 4500
000
nam a22 7a 4500
005
20260121143528.0
020
_a
9781119217718
100
_a
Hinga, Bethany D.
_9
997208
245
_a
Earth's Natural Hazards and Disasters
260
_b
Wiley
_c
2024
942
_c
TEXL
999
_c
1564097
_d
1564097